[Event "Ufa Startsev Memorial"]
[Site "Ufa"]
[Date "2024.02.11"]
[Round "8"]
[White "Aukhatov, Roman"]
[Black "Samusenko, Maksim"]
[Result "1/2-1/2"]
[WhiteElo "2217"]
[BlackElo "2427"]
[PlyCount "108"]
[EventDate "2024.02.06"]
[EventType "swiss"]
[EventRounds "9"]
[EventCountry "RUS"]
[SourceTitle "CB07_2024"]
[SourceDate "2024.02.14"]
[SourceVersion "1"]
[SourceVersionDate "2024.02.14"]
[SourceQuality "1"]

1. Nf3 Nf6 2. c4 g6 3. Nc3 Bg7 4. e4 d6 5. d4 0-0 6. Be2 c6 7. 0-0 Na6 8. Be3 Ng4 9. Bg5 h6 10. Bh4 Nf6 11. Ne1 Nh7 12. Nc2 g5 13. Bg3 f5 14. exf5 Bxf5 15. Ne3 Bg6 16. Bd3 Qe8 17. Re1 h5 18. h3 Nb4 19. Bb1 Bxb1 20. Qxb1 Qf7 21. a3 Na6 22. Qd3 c5 23. dxc5 h4 24. Bxd6 exd6 25. cxd6 Nc5 26. Qc2 Bxc3 27. bxc3 Rad8 28. Rad1 Rfe8 29. Rd5 b6 30. Red1 Re6 31. Ng4 Nd7 32. Rf5 Qg6 33. Rdd5 Rf8 34. Ne3 Rxd6 35. Qd1 Re6 36. Rxd7 Rxf5 37. Nxf5 Qxf5 38. Rxa7 Nf6 39. f3 Qe5 40. Rb7 Qxc3 41. Qd8+ Re8 42. Qc7 Qd4+ 43. Kh2 Qf4+ 44. Qxf4 gxf4 45. Rxb6 Kf7 46. a4 Re1 47. Rb7+ Ke8 48. Rb5 Kf7 49. Rf5 Kg6 50. Rxf4 Kg5 51. Rd4 Ra1 52. c5 Rc1 53. a5 Rxc5 54. Ra4 Rc7 1/2-1/2

[Event "Ufa Startsev Memorial"]
[Site "Ufa"]
[Date "2024.02.08"]
[Round "4"]
[White "Iljiushenok, Ilia"]
[Black "Samusenko, Maksim"]
[Result "1-0"]
[WhiteElo "2547"]
[BlackElo "2427"]
[PlyCount "72"]
[EventDate "2024.02.06"]
[EventType "swiss"]
[EventRounds "9"]
[EventCountry "RUS"]
[SourceTitle "CB07_2024"]
[SourceDate "2024.02.14"]
[SourceVersion "1"]
[SourceVersionDate "2024.02.14"]
[SourceQuality "1"]

1. d4 Nf6 2. c4 g6 3. Nc3 Bg7 4. e4 d6 5. Be2 0-0 6. Nf3 e5 7. Be3 exd4 8. Nxd4 Re8 9. f3 c6 10. Bf2 d5 11. exd5 cxd5 12. 0-0 Nc6 13. c5 Nh5 14. Qd2 Bf8 15. Kh1 Be6 16. Rad1 Qf6 17. Bb5 Rac8 18. b4 Bg7 19. Bxc6 bxc6 20. b5 Qf4 21. Qxf4 Nxf4 22. bxc6 a6 23. Bg3 g5 24. h3 h6 25. Bxf4 gxf4 26. Nce2 Be5 27. Rb1 Rc7 28. Rb7 Bc8 29. Rxc7 Bxc7 30. Rb1 Kg7 31. Kg1 Kf6 32. Kf2 Rg8 33. Rb4 Rd8 34. Nc2 Ke5 35. Ncd4 Kf6 36. Nb3 Ke5 1-0

[Event "Ufa Startsev Memorial Rapid"]
[Site "Ufa"]
[Date "2024.02.05"]
[Round "9"]
[White "Ponkratov, Pavel"]
[Black "Samusenko, Maksim"]
[Result "1-0"]
[WhiteElo "2614"]
[BlackElo "2427"]
[PlyCount "105"]
[EventDate "2024.02.04"]
[EventType "swiss (rapid)"]
[EventRounds "11"]
[EventCountry "RUS"]
[SourceTitle "CB07_2024"]
[SourceDate "2024.02.14"]
[SourceVersion "1"]
[SourceVersionDate "2024.02.14"]
[SourceQuality "1"]

1. e4 c5 2. Nf3 Nc6 3. d4 cxd4 4. Nxd4 Nf6 5. Nc3 e5 6. Ndb5 d6 7. Bg5 a6 8. Na3 b5 9. Nab1 Be7 10. Bxf6 Bxf6 11. a4 b4 12. Nd5 Bg5 13. Bc4 0-0 14. 0-0 Kh8 15. c3 bxc3 16. Nbxc3 Rb8 17. Rb1 a5 18. Nb5 Be6 19. Qe2 Nd4 20. Nxd4 exd4 21. Rbd1 Bxd5 22. Bxd5 Bf6 23. b3 Rc8 24. Bc4 g6 25. f4 Bg7 26. Qd2 Rc5 27. Rf3 f5 28. exf5 gxf5 29. Re1 d5 30. Bd3 Rc3 31. Qd1 Qd6 32. Kh1 Qb4 33. Rh3 Rxb3 34. Rg1 h6 35. g4 Rc3 36. gxf5 Qe7 37. Rhg3 Rf7 38. Re1 Qc7 39. Qg4 Rc1 40. Rxc1 Qxc1+ 41. Kg2 Qc6 42. Kh3 Re7 43. Qh5 Re3 44. Qf7 Rxg3+ 45. hxg3 Bf6 46. Qf8+ Kh7 47. Bb5 Qc1 48. Qf7+ Bg7 49. f6 Qh1+ 50. Kg4 Qg1 51. Kf5 Qd1 52. Ke5 Qc2 53. Qe6 1-0

[Event "Ufa Startsev Memorial Rapid"]
[Site "Ufa"]
[Date "2024.02.05"]
[Round "10"]
[White "Samusenko, Maksim"]
[Black "Koshulyan, Egor A"]
[Result "1-0"]
[WhiteElo "2427"]
[BlackElo "2136"]
[PlyCount "83"]
[EventDate "2024.02.04"]
[EventType "swiss (rapid)"]
[EventRounds "11"]
[EventCountry "RUS"]
[SourceTitle "CB07_2024"]
[SourceDate "2024.02.14"]
[SourceVersion "1"]
[SourceVersionDate "2024.02.14"]
[SourceQuality "1"]

1. e4 c5 2. Nf3 Nc6 3. Nc3 Nf6 4. Bb5 Qc7 5. 0-0 Nd4 6. Re1 a6 7. Bf1 d6 8. Nxd4 cxd4 9. Nd5 Qd8 10. Nxf6+ gxf6 11. c3 dxc3 12. dxc3 Be6 13. c4 Bg7 14. Be3 Qd7 15. Rc1 f5 16. Bd4 Rg8 17. Bxg7 Rxg7 18. Qd4 Rg8 19. exf5 Bxf5 20. Rcd1 Be6 21. g3 0-0-0 22. c5 Kb8 23. Qe3 Qc7 24. cxd6 Rxd6 25. b3 Rgd8 26. Rxd6 Qxd6 27. Bg2 Qb4 28. h4 Rd2 29. Re2 Rd7 30. Kh2 Qd4 31. Qg5 Ka7 32. Rc2 Qb6 33. Qg8 Bf5 34. Re2 Qb5 35. Re3 Rd2 36. Rxe7 Rxf2 37. Qxf7 Ka8 38. Qf8+ Ka7 39. Qf7 Ka8 40. Qe8+ Qxe8 41. Rxe8+ Ka7 42. Rf8 1-0

[Event "RUS-chT Blitz"]
[Site "Sochi"]
[Date "2023.10.17"]
[Round "10.16"]
[White "Bukreev, Stanislav"]
[Black "Samusenko, Maksim"]
[Result "0-1"]
[WhiteElo "2000"]
[BlackElo "2427"]
[PlyCount "99"]
[EventDate "2023.10.17"]
[EventType "team-swiss (blitz)"]
[EventRounds "13"]
[EventCountry "RUS"]
[SourceTitle "Mega2024 Update 01"]
[Source "Chessbase"]
[SourceDate "2023.11.12"]
[SourceVersion "1"]
[SourceVersionDate "2023.11.12"]
[SourceQuality "1"]
[WhiteTeam "Moscow Formula Shakhmat"]
[BlackTeam "Tatarstan Ladya MK"]
[WhiteTeamCountry "RUS"]
[BlackTeamCountry "RUS"]

1. d4 Nf6 2. c4 g6 3. Nc3 Bg7 4. Nf3 0-0 5. g3 d6 6. Bg2 Nc6 7. 0-0 e5 8. dxe5 dxe5 9. Bg5 h6 10. Qxd8 Rxd8 11. Bxf6 Bxf6 12. Nd5 Kg7 13. e4 Bg4 14. Nxc7 Rac8 15. Nd5 Bxf3 16. Bxf3 Nd4 17. Kg2 Rxc4 18. Rac1 Rdc8 19. Rc3 Bg5 20. h4 Bd2 21. Rxc4 Rxc4 22. Bd1 h5 23. f3 b5 24. Rf2 Ba5 25. Bb3 Rc1 26. f4 exf4 27. gxf4 Nxb3 28. axb3 Be1 29. Rf1 Rc2+ 30. Kh3 Ba5 31. b4 Bd8 32. f5 gxf5 33. Rxf5 Re2 34. Nc3 Rxb2 35. Nxb5 Rxb4 36. Nxa7 Rxe4 37. Rxh5 Kg6 38. Rh8 Bf6 39. Rg8+ Kf5 40. h5 Rh4+ 41. Kg3 Rxh5 42. Nc6 Rh6 43. Nb4 Be5+ 44. Kf3 Rh3+ 45. Kf2 Rb3 46. Nc6 Bf6 47. Rf8 Rb6 48. Nd8 Rb3 49. Rxf7 Ke4 50. Rb7 0-1

[Event "RUS-chT Blitz"]
[Site "Sochi"]
[Date "2023.10.17"]
[Round "2.12"]
[White "Rozhkov, Viacheslav"]
[Black "Samusenko, Maksim"]
[Result "1-0"]
[WhiteElo "2145"]
[BlackElo "2427"]
[PlyCount "115"]
[EventDate "2023.10.17"]
[EventType "team-swiss (blitz)"]
[EventRounds "13"]
[EventCountry "RUS"]
[SourceTitle "Mega2024 Update 01"]
[Source "Chessbase"]
[SourceDate "2023.11.12"]
[SourceVersion "1"]
[SourceVersionDate "2023.11.12"]
[SourceQuality "1"]
[WhiteTeam "Qmal QNAO"]
[BlackTeam "Tatarstan Ladya MK"]
[WhiteTeamCountry "RUS"]
[BlackTeamCountry "RUS"]

1. e4 c5 2. Nf3 Nc6 3. d4 cxd4 4. Nxd4 Nf6 5. Nc3 e5 6. Ndb5 d6 7. Bg5 a6 8. Na3 b5 9. Bxf6 gxf6 10. Nd5 Bg7 11. g3 f5 12. Bg2 fxe4 13. Bxe4 Be6 14. Qh5 Rc8 15. 0-0 Ne7 16. Qg5 Nxd5 17. Qxg7 Qf6 18. Qxf6 Nxf6 19. Bb7 Rc5 20. c3 a5 21. b4 axb4 22. cxb4 Rc3 23. Nxb5 Rc2 24. a4 Ke7 25. Rfc1 Rxc1+ 26. Rxc1 Rb8 27. Bc6 Bd7 28. Bxd7 Nxd7 29. Nc7 Kd8 30. Nd5 Ra8 31. a5 Rb8 32. a6 Ra8 33. b5 Nc5 34. Nb6 Ra7 35. Rd1 Kc7 36. Nd5+ Kd7 37. Nb4 Kc7 38. Nd5+ Kd7 39. Rb1 Ke6 40. b6 Rxa6 41. Nc7+ Kd7 42. Nxa6 Nxa6 43. Ra1 Nc5 44. Ra7+ Kc6 45. Rxf7 Kxb6 46. Rxh7 d5 47. Rh5 Nd7 48. f4 exf4 49. gxf4 Kc6 50. Kf2 Kd6 51. Rh6+ Kc5 52. f5 Ne5 53. Re6 Kd4 54. f6 Ng4+ 55. Kg3 Nh6 56. Re7 Nf5+ 57. Kf4 Nh4 58. Rg7 1-0

[Event "RUS-chT Blitz"]
[Site "Sochi"]
[Date "2023.10.17"]
[Round "8.12"]
[White "Samusenko, Maksim"]
[Black "Babanin, Gleb"]
[Result "1-0"]
[WhiteElo "2427"]
[BlackElo "2163"]
[PlyCount "111"]
[EventDate "2023.10.17"]
[EventType "team-swiss (blitz)"]
[EventRounds "13"]
[EventCountry "RUS"]
[SourceTitle "Mega2024 Update 01"]
[Source "Chessbase"]
[SourceDate "2023.11.12"]
[SourceVersion "1"]
[SourceVersionDate "2023.11.12"]
[SourceQuality "1"]
[WhiteTeam "Tatarstan Ladya MK"]
[BlackTeam "St Petersburg SShOR II"]
[WhiteTeamCountry "RUS"]
[BlackTeamCountry "RUS"]

1. d4 d5 2. Bf4 c5 3. e3 Nc6 4. Nc3 cxd4 5. exd4 a6 6. Nf3 Bg4 7. h3 Bxf3 8. Qxf3 e6 9. 0-0-0 Bd6 10. Be3 Nge7 11. g4 Qa5 12. Kb1 b5 13. Bd3 Nb4 14. a3 Nxd3 15. Rxd3 Rc8 16. Na2 Qc7 17. Qe2 h5 18. gxh5 Nf5 19. Rc3 Qd7 20. Rxc8+ Qxc8 21. Nc1 Qc4 22. Qg4 a5 23. h4 Kd7 24. h6 gxh6 25. Qh5 Ke7 26. Rg1 Rc8 27. Qd1 b4 28. a4 Qc6 29. b3 Kd7 30. h5 Qc3 31. Qe2 Ke7 32. Rd1 Rg8 33. Rd3 Qc7 34. Rd1 Bf4 35. Nd3 Bxe3 36. fxe3 Qg3 37. Re1 Qg2 38. Qd1 Nd6 39. Nc5 Qg4 40. Qd3 Qxh5 41. Qa6 Qh4 42. Rf1 f5 43. Qa7+ Kf6 44. Qd7 Qg3 45. Qxe6+ Kg7 46. Qe7+ Kh8 47. Qf6+ Kh7 48. Rh1 Qg6 49. Qe5 Ne4 50. Ne6 Nc3+ 51. Kb2 h5 52. Qc7+ Kh6 53. Nf4 Qg5 54. Rxh5+ Qxh5 55. Nxh5 Kxh5 56. Qh7+ 1-0

[Event "RUS-chT Blitz"]
[Site "Sochi"]
[Date "2023.10.17"]
[Round "5.8"]
[White "Samusenko, Maksim"]
[Black "Zablotsky, Sergei"]
[Result "1-0"]
[WhiteElo "2427"]
[BlackElo "2464"]
[PlyCount "93"]
[EventDate "2023.10.17"]
[EventType "team-swiss (blitz)"]
[EventRounds "13"]
[EventCountry "RUS"]
[SourceTitle "Mega2024 Update 01"]
[Source "Chessbase"]
[SourceDate "2023.11.12"]
[SourceVersion "1"]
[SourceVersionDate "2023.11.12"]
[SourceQuality "1"]
[WhiteTeam "Tatarstan Ladya MK"]
[BlackTeam "Krasnoyarsk Region Enisey"]
[WhiteTeamCountry "RUS"]
[BlackTeamCountry "RUS"]

1. d4 d6 2. Nc3 e5 3. Nf3 Nd7 4. e4 Ngf6 5. Bc4 Be7 6. 0-0 0-0 7. a4 c6 8. Re1 Re8 9. h3 h6 10. b3 d5 11. exd5 Bb4 12. Bd2 exd4 13. Rxe8+ Qxe8 14. Nxd4 Nb6 15. Bf1 Nbxd5 16. Nxd5 Nxd5 17. Bxb4 Nxb4 18. Qd2 Qd8 19. Re1 Bd7 20. Bd3 Nd5 21. Ba6 Qg5 22. Qxg5 hxg5 23. Bxb7 Rb8 24. Bxc6 Bxc6 25. Nxc6 Rc8 26. Nd4 Kf8 27. Re5 Nb4 28. c4 Rd8 29. Nf3 f6 30. Ra5 Rd1+ 31. Kh2 Nd3 32. Kg3 Rb1 33. Nd4 Rb2 34. Rxa7 Nxf2 35. Ne6+ Kg8 36. Rxg7+ Kh8 37. Rb7 Ne4+ 38. Kg4 Rxg2+ 39. Kh5 g4 40. Kh6 gxh3 41. Nf4 Kg8 42. Ng6 Rxg6+ 43. Kxg6 Kf8 44. Rh7 Nd2 45. Rxh3 Ke7 46. Re3+ Kd6 47. Rd3+ 1-0

[Event "RUS-chT Blitz"]
[Site "Sochi"]
[Date "2023.10.17"]
[Round "12.20"]
[White "Tsaruk, Maksim"]
[Black "Samusenko, Maksim"]
[Result "1/2-1/2"]
[WhiteElo "2435"]
[BlackElo "2427"]
[PlyCount "128"]
[EventDate "2023.10.17"]
[EventType "team-swiss (blitz)"]
[EventRounds "13"]
[EventCountry "RUS"]
[SourceTitle "Mega2024 Update 01"]
[Source "Chessbase"]
[SourceDate "2023.11.12"]
[SourceVersion "1"]
[SourceVersionDate "2023.11.12"]
[SourceQuality "1"]
[WhiteTeam "Belarus"]
[BlackTeam "Tatarstan Ladya MK"]
[WhiteTeamCountry "BLR"]
[BlackTeamCountry "RUS"]

1. e4 d5 2. exd5 Nf6 3. d4 Qxd5 4. Nc3 Qa5 5. Nf3 Bf5 6. Bc4 e6 7. Bd2 Bb4 8. a3 Bxc3 9. Bxc3 Qb6 10. Ne5 Nc6 11. 0-0 0-0 12. Nxc6 Qxc6 13. Qe2 a6 14. Bb3 Be4 15. f3 Bd5 16. Bxd5 Nxd5 17. Be1 Rad8 18. c3 b5 19. a4 Nb6 20. axb5 axb5 21. Bh4 Ra8 22. Bg3 Ra4 23. h4 Rfa8 24. Rab1 Nd5 25. h5 h6 26. Be5 Nb6 27. Rfe1 Nc4 28. Bf4 Ra2 29. Qf2 Qd5 30. Qh4 c5 31. b3 Na3 32. Re5 Qd8 33. Qg4 Qf6 34. Rbe1 cxd4 35. cxd4 Nc2 36. R1e4 Nb4 37. Rxb5 Nd5 38. Be5 Qg5 39. Qxg5 hxg5 40. Rb7 Rb2 41. f4 Raa2 42. fxg5 Rxg2+ 43. Kh1 Rxg5 44. h6 Rh5+ 45. Kg1 Rxh6 46. Rg4 Nf6 47. Rg2 Ra1+ 48. Kf2 Ra2+ 49. Kg3 Nh5+ 50. Kf3 Rxg2 51. Kxg2 f6 52. Bd6 Rg6+ 53. Kf3 Rg1 54. b4 Rb1 55. b5 g5 56. b6 f5 57. Bc7 g4+ 58. Ke2 f4 59. Ra7 f3+ 60. Ke3 Rb3+ 61. Kf2 Rb2+ 62. Ke3 Rb3+ 63. Kf2 Rb2+ 64. Ke3 Rb3+ 1/2-1/2

[Event "RUS-chT 30th"]
[Site "Sochi"]
[Date "2023.05.04"]
[Round "4.1"]
[White "Samusenko, Maksim"]
[Black "Khubukshanov, Erdem"]
[Result "0-1"]
[WhiteElo "2464"]
[BlackElo "2388"]
[PlyCount "162"]
[EventDate "2023.05.01"]
[EventType "team-tourn"]
[EventRounds "9"]
[EventCountry "RUS"]
[SourceTitle "CBM 214 Extra"]
[Source "ChessBase"]
[SourceDate "2023.07.31"]
[SourceVersion "1"]
[SourceVersionDate "2023.07.31"]
[SourceQuality "1"]
[WhiteTeam "Tatarstan Ladya"]
[BlackTeam "Novosibirsk Region"]
[WhiteTeamCountry "RUS"]
[BlackTeamCountry "RUS"]

1. e4 c5 2. Nc3 d6 3. d4 cxd4 4. Qxd4 Nc6 5. Qd2 g6 6. b3 Bh6 7. f4 Nf6 8. Bb2 0-0 9. 0-0-0 e5 10. g3 Re8 11. Kb1 Nd4 12. Qf2 Bg4 13. Re1 Rc8 14. h3 Bd7 15. Nf3 Bg7 16. fxe5 Nxf3 17. Qxf3 Rxe5 18. Bd3 Qe7 19. Re2 b5 20. a3 a5 21. g4 h5 22. gxh5 Rxh5 23. Nd1 Nh7 24. Bxg7 Kxg7 25. Ne3 Qe5 26. h4 a4 27. Nf5+ Kf8 28. Ng3 Rh6 29. Qe3 Kg7 30. h5 axb3 31. cxb3 Rc3 32. Rb2 b4 33. a4 gxh5 34. Ne2 Rc5 35. Nf4 Nf6 36. Rc2 Rc3 37. Rxc3 Qxc3 38. Ka2 Rh8 39. Rg1+ Bg4 40. Nd5 Qe5 41. Nxb4 Rc8 42. Rg2 d5 43. Qd2 dxe4 44. Bc4 Rxc4 45. bxc4 e3 46. Qb2 Qf4 47. Qc3 e2 48. Rg1 Qf1 49. Qe1 Qf3 50. Kb2 Ne4 51. Nd5 Kh7 52. Qh4 f6 53. Qh2 Nd2 54. Qc7+ Kg6 55. Ne7+ Kg5 56. Qa5+ f5 57. Qxd2+ f4 58. Nd5 Qe4 59. Qc3 Qe6 60. Qd2 Qe5+ 61. Kb3 Kf5 62. Qd3+ Kg5 63. Qd2 Kf5 64. Nc3 f3 65. Qd3+ Kg5 66. Ne4+ Kf4 67. Nf2 e1Q 68. Rxe1 Qxe1 69. Qd6+ Ke3 70. Nd1+ Ke2 71. Kc2 Kf1 72. Qf4 Qe2+ 73. Kc1 Ke1 74. Nc3 Qd3 75. Qe5+ Kf1 76. c5 f2 77. Ne4 Qe3+ 78. Kc2 Kg2 79. Qd5 Qf3 80. Qd4 f1Q 81. Qd2+ Q1e2 0-1

[Event "Cheliabinsk Lozovatsky Memorial-A"]
[Site "Cheliabinsk"]
[Date "2023.01.29"]
[Round "3"]
[White "Samusenko, Maksim"]
[Black "Afanasiev, Nikita"]
[Result "1/2-1/2"]
[WhiteElo "2457"]
[BlackElo "2562"]
[PlyCount "55"]
[EventDate "2023.01.27"]
[EventType "swiss"]
[EventRounds "10"]
[EventCountry "RUS"]
[SourceTitle "CBM 212 Extra"]
[Source "ChessBase"]
[SourceDate "2023.03.31"]
[SourceVersion "1"]
[SourceVersionDate "2023.03.31"]
[SourceQuality "1"]

1. d4 Nf6 2. Bg5 Ne4 3. Bf4 d5 4. f3 Nf6 5. Nc3 c5 6. e4 dxe4 7. d5 Qa5 8. Qe2 g6 9. fxe4 Nbd7 10. 0-0-0 Nh5 11. Bd2 Ne5 12. Nf3 Bg7 13. Qf2 0-0 14. Be2 Ng4 15. Qg1 Qc7 16. Kb1 Bd7 17. h3 Ne5 18. Nxe5 Bxe5 19. Bxh5 gxh5 20. Ne2 f5 21. Bc3 b6 22. exf5 Bxc3 23. Nxc3 Bxf5 24. Qe3 Bg6 25. Rhe1 Rae8 26. Ne2 Qh2 27. Rg1 Qd6 28. g3 1/2-1/2

[Event "RUS-chT Blitz"]
[Site "Sochi"]
[Date "2021.10.14"]
[Round "9.1"]
[White "Gutenev, Alexander"]
[Black "Samusenko, Maksim"]
[Result "1/2-1/2"]
[WhiteElo "2455"]
[BlackElo "2461"]
[PlyCount "107"]
[EventDate "2021.10.14"]
[EventType "team-swiss (blitz)"]
[EventRounds "13"]
[EventCountry "RUS"]
[SourceTitle "CBM 204 Extra"]
[Source "ChessBase"]
[SourceDate "2021.11.30"]
[SourceVersion "1"]
[SourceVersionDate "2021.11.30"]
[SourceQuality "1"]
[WhiteTeam "Cheliabinsk Yuzhnyy Ural"]
[BlackTeam "Tatarstan Ladya"]
[WhiteTeamCountry "RUS"]
[BlackTeamCountry "RUS"]

1. e4 c5 2. Nf3 Nc6 3. d4 cxd4 4. Nxd4 Nf6 5. Nc3 e5 6. Ndb5 d6 7. Bg5 a6 8. Na3 b5 9. Nd5 Be7 10. Bxf6 Bxf6 11. c4 b4 12. Nc2 0-0 13. g3 a5 14. Bg2 Bg5 15. 0-0 Ne7 16. Nde3 Bxe3 17. Nxe3 Qc7 18. Qd3 Be6 19. Rac1 Rfd8 20. f4 f6 21. h4 Nc6 22. Kh2 Nd4 23. Nf5 Bxf5 24. exf5 Rac8 25. Bd5+ Kh8 26. h5 h6 27. g4 Qe7 28. Rce1 Nc6 29. Rg1 Nb8 30. g5 fxg5 31. fxg5 hxg5 32. Qd2 Nd7 33. Be6 Rc7 34. Rxg5 Nf6 35. h6 gxh6 36. Rg6 Qf8 37. Reg1 Rh7 38. Rg8+ Nxg8 39. Rxg8+ Qxg8 40. Bxg8 Kxg8 41. Qd5+ Kf8 42. Qxa5 Rhd7 43. Qxb4 Kf7 44. Qd2 Kf6 45. a4 Kxf5 46. a5 d5 47. Qf2+ Ke6 48. cxd5+ Rxd5 49. Qb6+ R8d6 50. Qb3 Kf5 51. Qf3+ Kg5 52. Qg3+ Kf5 53. Qf3+ Kg5 54. Qg3+ 1/2-1/2

[Event "RUS-chT Blitz"]
[Site "Sochi"]
[Date "2021.10.14"]
[Round "2.2"]
[White "Samusenko, Maksim"]
[Black "Smirnov, Timofey"]
[Result "1/2-1/2"]
[WhiteElo "2461"]
[BlackElo "2409"]
[PlyCount "85"]
[EventDate "2021.10.14"]
[EventType "team-swiss (blitz)"]
[EventRounds "13"]
[EventCountry "RUS"]
[SourceTitle "CBM 204 Extra"]
[Source "ChessBase"]
[SourceDate "2021.11.30"]
[SourceVersion "1"]
[SourceVersionDate "2021.11.30"]
[SourceQuality "1"]
[WhiteTeam "Tatarstan Ladya"]
[BlackTeam "Moscow Severnyy Kharakter"]
[WhiteTeamCountry "RUS"]
[BlackTeamCountry "RUS"]

1. d4 d5 2. Nc3 Nf6 3. Bf4 a6 4. e3 c5 5. dxc5 Nc6 6. a3 e5 7. Bg5 Be6 8. b4 Be7 9. Nf3 0-0 10. Be2 h6 11. Bh4 d4 12. exd4 exd4 13. Bxf6 Bxf6 14. Ne4 Be7 15. 0-0 Qd5 16. Bd3 a5 17. Rb1 axb4 18. axb4 Rfd8 19. h3 Ne5 20. Nxe5 Qxe5 21. Re1 Qc7 22. Nd2 b6 23. Bc4 Bxc4 24. Nxc4 bxc5 25. b5 Ra4 26. Qd3 Rb4 27. Rxb4 cxb4 28. Ne5 Bc5 29. Nc6 Ra8 30. Qc4 Qb6 31. Qd3 g6 32. h4 h5 33. Qc4 d3 34. Rf1 dxc2 35. Qxc2 Qxb5 36. Ne5 Bxf2+ 37. Qxf2 Qxe5 38. Qxf7+ Kh8 39. Qxg6 Qd4+ 40. Kh1 Qxh4+ 41. Kg1 Qd4+ 42. Kh1 Qh4+ 43. Kg1 1/2-1/2

[Event "RUS-ch Blitz"]
[Site "Sochi"]
[Date "2021.10.11"]
[Round "12"]
[White "Tsydypov, Zhamsaran"]
[Black "Samusenko, Maksim"]
[Result "0-1"]
[WhiteElo "2526"]
[BlackElo "2461"]
[PlyCount "106"]
[EventDate "2021.10.11"]
[EventType "swiss (blitz)"]
[EventRounds "13"]
[EventCountry "RUS"]
[SourceTitle "CBM 204 Extra"]
[Source "ChessBase"]
[SourceDate "2021.11.30"]
[SourceVersion "1"]
[SourceVersionDate "2021.11.30"]
[SourceQuality "1"]

1. d4 Nf6 2. c4 d6 3. Nf3 g6 4. Nc3 Bg7 5. e4 0-0 6. Be2 Na6 7. 0-0 e5 8. d5 Nc5 9. Qc2 a5 10. Be3 b6 11. Nd2 Bg4 12. f3 Bd7 13. b3 Nh5 14. Rfe1 f5 15. a3 Bf6 16. b4 Na6 17. bxa5 Nc5 18. axb6 cxb6 19. Bf1 Bg5 20. Bf2 Bxd2 21. Qxd2 Nb3 22. Qb2 Nxa1 23. Rxa1 Rb8 24. Qb4 Qe7 25. Bxb6 Nf6 26. a4 fxe4 27. fxe4 Ng4 28. a5 Qh4 29. h3 Ne3 30. Qxd6 Qf2+ 31. Kh1 Rxb6 32. axb6 Bxh3 33. gxh3 Qf3+ 34. Kg1 Qg3+ 35. Kh1 Rf2 36. Ra8+ Kg7 37. Qe7+ Kh6 38. Qf8+ Rxf8 39. Rxf8 Nxf1 40. Rxf1 Qxh3+ 41. Kg1 Qxc3 42. b7 Qb4 43. Rf7 Kg5 44. Kg2 Kg4 45. c5 Qb2+ 46. Kf1 Qc1+ 47. Ke2 Qc2+ 48. Kf1 Qd3+ 49. Kf2 Qd4+ 50. Kf1 Qc4+ 51. Kg2 Qxe4+ 52. Kh2 Qc2+ 53. Kh1 Kg3 0-1